[Event "St Petersburg-ch U16"]
[Site "St Petersburg"]
[Date "2007.11.08"]
[Round "4.9"]
[White "Spiridonov, Nikita"]
[Black "Markevich, Ilya"]
[Result "1/2-1/2"]
[WhiteElo "1990"]
[BlackElo "2088"]
[PlyCount "84"]
[EventDate "2007.11.05"]
[EventType "swiss"]
[EventRounds "9"]
[EventCountry "RUS"]
[SourceTitle "EXT 2022"]
[Source "ChessBase"]
[SourceDate "2021.10.06"]
[SourceVersion "1"]
[SourceVersionDate "2021.10.06"]
[SourceQuality "1"]

1. e4 c5 2. a3 e6 3. Nf3 a6 4. d4 cxd4 5. Nxd4 Qc7 6. Nf3 Nc6 7. Bd3 Nf6 8. b4 Ne5 9. Bb2 Bd6 10. Nbd2 b5 11. 0-0 Bb7 12. Nxe5 Bxe5 13. Bxe5 Qxe5 14. Re1 d6 15. c4 0-0 16. cxb5 axb5 17. Nf3 Qc3 18. Bxb5 Rxa3 19. Rxa3 Qxa3 20. Qxd6 Nxe4 21. Qd4 Nc3 22. Bd3 Bxf3 23. gxf3 Qb2 24. Kg2 Qb3 25. Re3 Qb2 26. Bxh7+ Kxh7 27. Rxc3 Rb8 28. Qd3+ g6 29. Rc7 Kg7 30. Qe4 Qf6 31. Qg4 Rd8 32. Rc4 Rd1 33. Qf4 Qa1 34. Kh3 e5 35. Qe3 Re1 36. Qc3 Qd1 37. Rc5 Qe2 38. f4 Qf1+ 39. Kg3 Qg1+ 40. Kh3 Qf1+ 41. Kg3 f5 42. Kh4 Qxf2+ 1/2-1/2

[Event "St Petersburg-ch U16"]
[Site "St Petersburg"]
[Date "2007.11.06"]
[Round "2.10"]
[White "Donskov, Anatoly"]
[Black "Spiridonov, Nikita"]
[Result "1-0"]
[WhiteElo "2062"]
[BlackElo "1990"]
[PlyCount "93"]
[EventDate "2007.11.05"]
[EventType "swiss"]
[EventRounds "9"]
[EventCountry "RUS"]
[SourceTitle "EXT 2022"]
[Source "ChessBase"]
[SourceDate "2021.10.06"]
[SourceVersion "1"]
[SourceVersionDate "2021.10.06"]
[SourceQuality "1"]

1. e4 c5 2. Nf3 g6 3. d4 cxd4 4. Nxd4 Bg7 5. Nc3 Nc6 6. Be3 Nf6 7. Bc4 0-0 8. Bb3 d6 9. f3 Bd7 10. Qd2 a6 11. 0-0-0 Rc8 12. Kb1 Na5 13. Bh6 Nc4 14. Bxc4 Rxc4 15. Bxg7 Kxg7 16. Nd5 e5 17. Nb3 Ne8 18. g4 Be6 19. h4 Nc7 20. Nxc7 Qxc7 21. h5 Rc8 22. hxg6 hxg6 23. Rh2 Kf6 24. f4 Rxe4 25. fxe5+ dxe5 26. Qf2+ Ke7 27. Qh4+ f6 28. Qh7+ Bf7 29. Rhd2 Rd4 30. Nxd4 exd4 31. Re2+ Kd6 32. Qh2+ Kc5 33. Qf2 Kb5 34. Qxd4 Qc6 35. b3 a5 36. Qd7 Be8 37. Qd3+ Kb6 38. Qe3+ Ka6 39. Red2 b6 40. c4 f5 41. gxf5 gxf5 42. Rd6 Qc7 43. Qf2 a4 44. Qxf5 a3 45. b4 Qxc4 46. Qa5+ Kb7 47. Rxb6+ 1-0

[Event "St Petersburg-ch U16"]
[Site "St Petersburg"]
[Date "2007.11.05"]
[Round "1.6"]
[White "Spiridonov, Nikita"]
[Black "Shpartko, Grigory"]
[Result "0-1"]
[WhiteElo "1990"]
[BlackElo "2102"]
[PlyCount "168"]
[EventDate "2007.11.05"]
[EventType "swiss"]
[EventRounds "9"]
[EventCountry "RUS"]
[SourceTitle "EXT 2022"]
[Source "ChessBase"]
[SourceDate "2021.10.06"]
[SourceVersion "1"]
[SourceVersionDate "2021.10.06"]
[SourceQuality "1"]

1. e4 c6 2. d4 d5 3. f3 dxe4 4. Nc3 exf3 5. Nxf3 Nf6 6. Bc4 e6 7. 0-0 Bd6 8. Bg5 Nbd7 9. Qe2 Nb6 10. Bb3 Be7 11. Rad1 h6 12. Bh4 Qc7 13. Ne5 Rf8 14. Ne4 Nxe4 15. Qxe4 Bxh4 16. Qxh4 Qe7 17. Qg3 Qg5 18. Qf3 Bd7 19. c4 f6 20. c5 Nd5 21. Bxd5 exd5 22. Rde1 0-0-0 23. Nxd7 Kxd7 24. Qh3+ f5 25. Re5 g6 26. Qb3 Kc8 27. Rfe1 Rf7 28. Qa4 Kb8 29. Qa5 Qh4 30. Kh1 Rc8 31. Qb4 f4 32. Qb3 a6 33. Re8 Rfc7 34. R8e5 Qf2 35. Qc3 Rf7 36. R5e2 Qh4 37. Qb3 h5 38. a4 Qd8 39. Qh3 Qd7 40. Re6 Rcf8 41. Qf3 Rf6 42. Re7 Qc8 43. a5 R6f7 44. R7e6 Rf6 45. Re7 Qd8 46. Qb3 Qc8 47. Qf3 Rg8 48. Rh7 Re8 49. Re5 Rf5 50. Re2 Rff8 51. Kg1 Rxe2 52. Qxe2 Re8 53. Re7 Rxe7 54. Qxe7 Ka7 55. Qg5 Qe8 56. Qe5 Qd8 57. Qe1 Qf6 58. Qd2 Qf5 59. Kf2 g5 60. Qd1 g4 61. Qb3 Kb8 62. Qc3 h4 63. Qe1 Qe4 64. Qd2 g3+ 65. hxg3 hxg3+ 66. Kf1 Kc8 67. Qd1 Qe3 68. Qg4+ Kb8 69. Qe2 Qc1+ 70. Qe1 Qxb2 71. Qe5+ Ka7 72. Qxf4 Qa1+ 73. Ke2 Qxa5 74. Qxg3 Qa2+ 75. Kd1 Qa1+ 76. Ke2 Qb2+ 77. Kf1 a5 78. Qe1 Qb5+ 79. Kf2 a4 80. g4 a3 81. g5 a2 82. g6 Qb2+ 83. Kf3 a1Q 84. Qxa1+ Qxa1 0-1

[Event "St Petersburg Spassky CC Rating"]
[Site "St Petersburg"]
[Date "2007.02.08"]
[Round "7"]
[White "Spiridonov, Nikita"]
[Black "Linkevich, Ksenia"]
[Result "0-1"]
[WhiteElo "2058"]
[BlackElo "1959"]
[PlyCount "68"]
[EventDate "2007.01.13"]
[EventType "tourn"]
[EventRounds "9"]
[EventCountry "RUS"]
[SourceTitle "EXT 2019"]
[Source "ChessBase"]
[SourceDate "2018.10.10"]
[SourceVersion "1"]
[SourceVersionDate "2018.10.10"]
[SourceQuality "1"]

1. e4 c6 2. d4 d5 3. f3 e6 4. c4 dxe4 5. fxe4 Qh4+ 6. Kd2 Qxe4 7. Nf3 Qf4+ 8. Kc2 Qc7 9. Nc3 Nf6 10. Bd3 Nbd7 11. g3 Bd6 12. c5 Be7 13. Bf4 Qd8 14. h3 a5 15. g4 b6 16. cxb6 Nxb6 17. Be5 0-0 18. Qe1 Nfd5 19. g5 Nb4+ 20. Kd2 Nxd3 21. Kxd3 c5 22. Kc2 Bb7 23. Rf1 Nc4 24. Rd1 Qb6 25. b3 Nxe5 26. Nxe5 Qc7 27. Nc4 cxd4 28. Rxd4 Bc5 29. Rg4 Qh2+ 30. Ne2 Bb4 31. Qf2 Qxh3 32. Rh4 Qg2 33. Qxg2 Bxg2 34. Rf2 Be1 0-1